Eigenvalues in Riemannian geometry /

Guardado en:
Autor Principal: Chavel, Isaac.
Formato: Libro
Idioma:English
Publicado: Orlando : Academic Press, 1984.
Series:Pure and applied mathematics (Academic Press) ; 115.
Materias:
Acceso en línea:Publisher description
Etiquetas: Agregar Etiqueta
Sin Etiquetas, Sea el primero en etiquetar este registro!
LEADER 01550pam a2200289 a 4500
001 MAT.inmabb003536
008 840326s1984####flua#####b####001#0#eng##
005 20150318192820.0
245 1 0 |a Eigenvalues in Riemannian geometry /  |c Isaac Chavel ; with a chapter by Burton Randol ; with appendix by Jozef Dodziuk. 
260 |a Orlando :  |b Academic Press,  |c 1984. 
300 |a xiv, 362 p. :  |b il. ;  |c 24 cm. 
490 1 |a Pure and applied mathematics ;  |v 115 
504 |a Bibliografía: p. 345-358. 
505 0 |a 1. The Laplacian -- 2. The basic examples -- 3. $ lambda_1$ and curvature -- 4. Isoperimetric inequalities -- 5. Eigenvalues and the kinematic measure -- 6. The heat kernel for compact manifolds -- 7. The Dirichlet heat kernel for regular domains -- 8. The heat kernel for noncompact manifolds -- 9. Topological perturbations with negligible effect -- 10. Surfaces of constant negative curvature -- 11. The Selberg Trace Formula / by Burton Randol -- 12. Miscellanea -- Appendix: Laplacian on forms / by Jozef Dodziuk. 
510 4 |a MR,  |c 86g:58140 
020 |a 0121706400 
100 1 |a Chavel, Isaac. 
830 0 |a Pure and applied mathematics (Academic Press) ;  |v 115. 
650 0 |a Geometry, Riemannian. 
650 0 |a Differential equations, Partial. 
650 0 |a Eigenvalues. 
084 |a 58G25 (35P99 53C20)  |2 MR 
084 |a 58J50  |2 msc2000 
010 |a  84006494  
040 |a DLC  |c DLC  |d DLC 
856 4 2 |3 Publisher description  |u http://www.loc.gov/catdir/description/els032/84006494.html 
859 |h 58  |i C512  |p A-5671  |b BIB. MATEMATICA